Coal ash disposal : solid waste impacts /

Bibliographic Details
Main Author: Tripodi, Raymond A.
Other Authors: Cheremisinoff, Paul N.
Format: Book
Language:English
Published: Westport, CT : Technomic Pub. Co., [1980]
Subjects:

MARC

Tag First Indicator Second Indicator Subfields
LEADER 00000cam a2200000 a 4500
001 in00000096009
005 20150923173852.0
008 811202s1980 ctua b 00110 eng
010 |a  80054017  
020 |a 0877622892 (pbk.) 
035 |a (OCoLC)07064364 
035 |9 AAK8399AM 
039 0 |a 2  |b 3  |c 3  |d 3  |e 3 
040 |a DLC  |c DLC  |d TXA  |d UtOrBLW 
049 |a TXAM  |c [952211] 
050 0 0 |a TD899 S68  |b  T74 
082 0 |a 363.7/28  |2 19 
100 1 |a Tripodi, Raymond A. 
245 1 0 |a Coal ash disposal :  |b solid waste impacts /  |c Raymond A. Tripodi, Paul N. Cheremisinoff. 
264 1 |a Westport, CT :  |b Technomic Pub. Co.,  |c [1980] 
264 4 |c ©1980 
300 |a 52 pages :  |b illustrations ;  |c 28 cm. 
336 |a text  |b txt  |2 rdacontent 
337 |a unmediated  |b n  |2 rdamedia 
338 |a volume  |b nc  |2 rdacarrier 
504 |a Includes bibliographical references and index. 
650 0 |a Coal-fired power plants  |x Waste disposal. 
650 0 |a Coal ash. 
700 1 |a Cheremisinoff, Paul N. 
999 |a MARS 
999 f f |s 146dc754-3b9e-3d03-bcdc-21c7651f0f6f  |i faf242cd-5adc-3aed-adb7-45984877652d  |t 0 
952 f f |p ric  |a Texas A&M University  |b Rellis Campus  |c Joint Library Facility  |d Remote Storage  |t 0  |e TD899 S68 T74  |h Library of Congress classification  |i unmediated -- volume  |m A14806010301 
998 f f |a TD899 S68 T74  |t 0  |l Remote Storage